Mixed Word: Common Bond XCV Quiz Stats

 Plays Quiz Updated Mar 30, 2018

Challenge
Share
Tweet
Embed
Score 0/26 Timer 03:00
0 Plays Today
Scrambled Word Answer % Correct
EWTWet
99.9%
ALBLBall
99%
INPPin
96%
EYDDye
94.8%
SOLSLoss
94.8%
RAPTPart
91.6%
UTCCut
91.5%
OOLCRColor
89.8%
OLNGLong
89.7%
EEICPPiece
82.1%
DRABIBraid
80.3%
WONRBBrown
79.4%
RCEACare
78.8%
Scrambled Word Answer % Correct
YDRERDryer
76%
ABIRNBrain
73.7%
BHURSBrush
71.1%
REABDBeard
70.1%
Common Bond:Hair
65.3%
RTHSIShirt
64.3%
GNELAAngel
63.1%
LESTYStyle
61.3%
SHREOHorse
59.6%
EEDSSRRDresser
59.5%
RUYCLCurly
59.2%
NAOSLSalon
49.7%
CALFIAFacial
36.7%

You're not logged in!

Compare scores with friends on all Sporcle quizzes.
OR
Log In

You Might Also Like...

Show Comments

Extras

Top Quizzes Today


Score Distribution

Your Account Isn't Verified!

In order to create a playlist on Sporcle, you need to verify the email address you used during registration. Go to your Sporcle Settings to finish the process.

Report this User

Report this user for behavior that violates our Community Guidelines.

Details: